| 000 | 00570nam a2200193Ia 4500 | ||
|---|---|---|---|
| 003 | GCL | ||
| 008 | 140319s9999 xx 000 0 ara d | ||
| 040 |
_aGCL / _cGCL |
||
| 082 | 0 | 4 |
_a155.7 _bم ن |
| 100 | 1 | _aمجدى احمد محمد عبدالله | |
| 245 | 1 | 0 |
_aالنمو النفسى بين السواء والمرض / _cمجدى احمد محمد عبدالله |
| 300 | _a350 ص | ||
| 490 |
_aكتاب _v0 |
||
| 650 | 0 | 4 | _aالاطفال |
| 650 | 0 | 4 | _aعلم النفس |
| 650 | 0 | 4 | _aنمو |
| 650 | 0 | 4 | _aالمراهقة - علم نفس |
| 942 |
_2ddc _cBK |
||
| 999 |
_c42950 _d42950 |
||